| Поле | Инд. | ПП | Название | Значение |
|---|---|---|---|---|
| Тип записи | a | |||
| Библиографический уровень | b | |||
| 001 | Контрольный номер | RU/IS/BASE/253637139 | ||
| 005 | Дата корректировки | 20220715140341.2 | ||
| 008 | Кодируемые данные | 20080114 | ||
| 040 | b | Код языка каталог. | rus | |
| e | Правила каталог. | PSBO | ||
| 041 | 0_ | a | Код языка текста | rus |
| 084 | a | Индекс другой классификации/Индекс ББК | 66.4в(4Фра); 60.561.37(4Фра); 66.1(4Фра)6 | |
| 100 | 1_ | a | Автор | Цыганков П. А. |
| q | Полное имя | Цыганков Павел Афанасьевич | ||
| 245 | 10 | a | Заглавие | Мондиализация, многосторонность и мировое космополитическое общество. Теория международных отношений в современной Франции |
| n | Номер части/ раздела | Статья первая | ||
| 504 | a | Библиография | Библиогр. ссылки. - Примеч. | |
| 650 | a | Основная рубрика | история политических учений | |
| a | Основная рубрика | международные отношения | ||
| a | Основная рубрика | политика | ||
| a | Основная рубрика | политическая социология | ||
| a | Основная рубрика | социология | ||
| 653 | 1_ | a | Ключевые слова | XXI век |
| a | Ключевые слова | глобализация | ||
| a | Ключевые слова | национальный суверенитет | ||
| a | Ключевые слова | социологический подход | ||
| a | Ключевые слова | социология международных отношений | ||
| a | Ключевые слова | теория международных отношений | ||
| a | Ключевые слова | Франция | ||
| 773 | 0_ | t | Заглавие источника | Вестник Московского университета. Серия 18, Социология и политология |
| d | Дата издания источника | 2007 | ||
| g | Прочая информация | № 2. - С. 3 - 17 | ||
| w | Контрольный № источника | RU/IS/BASE/242834490 | ||
| 901 | t | Тип документа | b |